Normal view
MARC view
Entry Nombre corporativo
001 - NÚMERO DE CONTROL
- campo de control: 38238
003 - IDENTIFICADOR DEL NÚMERO DE CONTROL
- campo de control: DO-SdBNP
005 - FECHA Y HORA DE LA ÚLTIMA TRANSACCIÓN
- campo de control: 20241206085813.0
008 - DATOS DE LONGITUD FIJA
- campo de control de longitud fija: 200615|| aca||aabn | a|a d
040 ## - FUENTE DE LA CATALOGACIÓN
- Centro catalogador/agencia de origen: DO-SdBNP
- Lengua de catalogación: spa
- Centro/agencia transcriptor: BNPHU
- Normas de descripción: rda
110 1# - ENCABEZAMIENTO-NOMBRE DE ENTIDAD CORPORATIVA
- Nombre de entidad corporativa o nombre de jurisdicción como elemento de entrada: República Dominicana.
- Unidad subordinada: Secretaría de Estado de la Mujer
368 ## - OTROS ATRIBUTOS DE PERSONA O ENTIDAD CORPORATIVA
- Tipo de entidad corporativa: Organismos de la administración estatal
370 ## - LUGAR ASOCIADO
- Lugar de nacimiento: República Dominicana
- País asociado: Santo Dmingo
371 ## - DIRECCIÓN
- Dirección: Edificio Gobuernamentales, Bloque D, Avenida Mexico, esquina 30 de Marzo
- Ciudad: Santo Domingo
- País: República Dominicana
- Dirección de correo electrónico: [email protected]
410 1# - TRAZADO DE VÉASE--NOMBRE DE ENTIDAD CORPORATIVA
- Nombre de entidad corporativa o nombre de jurisdicción como elemento de entrada: Ministerio de la Mujer
510 1# - TRAZADO DE VÉASE ADEMÁS--NOMBRE DE ENTIDAD CORPORATIVA
- Nombre de entidad corporativa o nombre de jurisdicción como elemento de entrada: República Dominicana
- Unidad subordinada: Ministerio de la Mujer
670 ## - FUENTE DE DATOS ENCONTRADOS
- Cita de la fuente: Work cat.: (OSt)17035: convención intermericana para prevenir, sancionar y erradicar la violencia contra la mujer (Santo Domingo) 38236, Conectando contra la violencia /
